El castillo de San Felipe del Golfo Dulce : historia de las fortificaciones de Guatemala en la edad moderna /

Análisis histórico del traslado del puerto de Guatemala, desde Puerto Caballos al Puerto de Santo Tomás de Castilla y de éste al Golfo Dulce. Quedan puestos de relieve la serie de proyectos defensivos, los ataques piráticos, los técnicos que interviene en los proyectos y en las realizaciones y, lo q...

সম্পূর্ণ বিবরণ

সংরক্ষণ করুন:
গ্রন্থ-পঞ্জীর বিবরন
প্রধান লেখক: Rodríguez del Valle, Mariana (autor)
অন্যান্য লেখক: Calderón Quijano, José Antonio (prólogo) (prólogo)
বিন্যাস: গ্রন্থ
ভাষা:স্প্যানিশ
প্রকাশিত: Sevilla, España : Escuela de Estudios Hispanoamericanos de Sevilla, 1960, c1960
মালা:(Publicaciones de la Escuela de Estudios Hispano-Americanos de Sevilla ; 136)
বিষয়গুলি:
ট্যাগগুলো: ট্যাগ যুক্ত করুন
কোনো ট্যাগ নেই, প্রথমজন হিসাবে ট্যাগ করুন!

MARC

LEADER 00000nam^a2200000^a^4500
001 000124858
005 20250521000000.0
009 20260310094628.93
037 |a Acervo ITESO - Biblioteca 
041 |a ESP 
082 |a 972. 81  |b ROD 
100 |a Rodríguez del Valle, Mariana  |e (autor) 
245 1 3 |a El castillo de San Felipe del Golfo Dulce :  |b historia de las fortificaciones de Guatemala en la edad moderna /  |c M. Rodríguez del Valle ; pról. de J.A. Calderón Quijano. 
264 4 |a Sevilla, España :  |b Escuela de Estudios Hispanoamericanos de Sevilla,  |c 1960, c1960 
300 |a XIII, 103 p. 
336 |a texto  |b txt  |2 rdacontenido 
337 |a sin mediación  |b n  |2 rdamedio 
338 |a volumen  |b nc  |2 rdasoporte 
440 1 |a (Publicaciones de la Escuela de Estudios Hispano-Americanos de Sevilla ;  |v 136) 
520 |a Análisis histórico del traslado del puerto de Guatemala, desde Puerto Caballos al Puerto de Santo Tomás de Castilla y de éste al Golfo Dulce. Quedan puestos de relieve la serie de proyectos defensivos, los ataques piráticos, los técnicos que interviene en los proyectos y en las realizaciones y, lo que es más importante, la historia militar de aquellas costas y de sus sufridas poblaciones sometidas a las frecuentes depredaciones de piratas y corsarios. Al final del libro se incluyen comentarios al proyecto de restauración del castillo realizados en la década de los cincuenta. 
649 |a XX 
650 |a Castillos -  |z Guatemala -  |x Historia 
650 |a Fuertes -  |z Guatemala -  |x Historia 
650 |a Puertos -  |z Guatemala -  |x Historia 
650 |a Piratas -  |z Guatemala -  |x Historia 
650 |a Patrimonio Histórico -  |z Guatemala 
650 |a Valoración Patrimonial e Histórica -  |z Guatemala 
650 |a Restauración y Conservación Arquitectónica -  |z Guatemala 
650 |a Arquitectura Guatemalteca -  |x Historia y Crítica 
650 |a Arquitectura Virreinal -  |x Historia y Crítica 
650 |a Arte Guatemalteco -  |x Historia y Crítica 
650 |a Arte Virreinal -  |x Historia y Crítica 
650 |a Guatemala -  |x Historia 
700 |a Calderón Quijano, José Antonio  |e (prólogo) 
910 |a Fondo Salvador Reynoso Reynoso 
920 |a Impresos - Libros 
930 |a Fondos Especiales 
905 |a 112 
901 |a 0800007907  |b IT2  |c ESP  |u 20250521 
902 |a https://opac.biblio.iteso.mx/vufind/Record/000124858